00719nam a2200241 a 4500001001300000003000900013005001700022008004100039020002300080082001500103100002400118245003600142260003700178300000900215500003500224505001000259650002100269700002400290902000800314942000700322952013100329999001700460nice12345678IN_TiNIC20260116014457.0070412s1993 newa grp 000 0 eng  a812460021X c29500a181.4bDIV aDivatia, Shuchita C aIdealistic in Indian Philosophy aNew Delhi bDk Printworld c1993 a274p aincludes index and biblioraphy2 aindex aPhilosophy-India1 aDivatia, Shuchita C bSRS cBK 001040708StackRoom-aHMIbHMId2007-04-12g295.00l2m1o181.4 DIVp021838r2017-10-10s2017-09-19v295.00w2007-04-12yBK c15528d15528